| 000 | 01035nam0a22003251 4500 | ||
|---|---|---|---|
| 001 | v19\rc\1686570 | ||
| 005 | 20260406125402.0 | ||
| 035 | _a(NLR Aleph) 004791326 | ||
| 090 |
_a4732321 _c4732321 |
||
| 100 | _a20061002d1896 |||y0rusy50 ca | ||
| 101 | 0 | _arus | |
| 102 | _aRU | ||
| 105 | _ay z ||||| | ||
| 200 | 1 | _aПутеводитель по Библиотеке Московского публичного и Румянцевского музеев | |
| 210 |
_aМосква _d1896 |
||
| 215 |
_a47 с. _d19 |
||
| 710 | 0 | 2 |
_aМосковский публичный и Румянцевский музей _bБиблиотека _3RU\NLR\AUTH\8818614 _9310463 |
| 801 | 0 |
_aRU _bNLR _gpsbo |
|
| 801 | 0 |
_aRU _bRuMoRGB _2psbo |
|
| 801 | 1 |
_aRU _bProSoft-M _2rusmarc |
|
| 852 |
_aNLR _bБ _j6035-040/1896 |
||
| 899 |
_aRuMoRGB _jU 40/986 |
||
| 899 |
_aRuMoRGB _jКл 38/1 |
||
| 899 | _aБАН | ||
| 899 | _aГПИБ | ||
| 899 | _aНБ МГУ | ||
| 899 |
_aRuMoRGB _jW 268/98 |
||
| 899 |
_aRuMoRGB _jR 11/641 |
||
| 942 | _cBOOK | ||
| 980 | _aNB | ||